|
|
|
|
| LEADER |
00000nam a2200000 4500 |
| 001 |
vtls012021235 |
| 003 |
SK-MaSNL |
| 005 |
20260301230626.0 |
| 007 |
co cg auuua |
| 008 |
210408s2020 xo | fqnp 000 0dslo |
| 015 |
|
|
|a SNBS2021
|
| 020 |
|
|
|a 9788055335360
|q (elektronická kniha)
|
| 040 |
|
|
|a SNK
|b slo
|c SNK
|e rda
|
| 041 |
0 |
|
|a slo
|
| 044 |
|
|
|a xo
|c SK
|
| 072 |
|
7 |
|a 621.39
|x Oznamovacia technika
|2 konspekt
|
| 072 |
|
7 |
|a 004.9
|x Špeciálne počítačové metódy. Počítačová grafika
|2 konspekt
|
| 080 |
|
|
|a 621.391.8
|2 2011
|
| 080 |
|
|
|a 004.932
|2 2011
|
| 080 |
|
|
|a 621.397
|2 2011
|
| 080 |
|
|
|a (075.8)
|2 2011
|
| 080 |
|
|
|a (0.034.44)
|2 2011
|
| 100 |
1 |
|
|a Ovseník, Ľuboš,
|d 1965-
|4 aut
|9 103468
|
| 245 |
1 |
0 |
|a Pokročilé techniky optického spracovania obrazu a videa
|c Ľuboš Ovseník, Jakub Oravec, Dávid Solus
|
| 250 |
|
|
|a Vydanie: prvé
|
| 264 |
|
1 |
|a Košice
|b Technická univerzita v Košiciach
|c 2020
|
| 300 |
|
|
|a 1 CD-ROM
|b farebný
|c 12 cm
|
| 336 |
|
|
|a text
|b txt
|2 rdacontent
|
| 337 |
|
|
|a počítač
|b c
|2 rdamedia
|
| 338 |
|
|
|a počítačový disk
|b cd
|2 rdacarrier
|
| 347 |
|
|
|a textový súbor
|b PDF
|2 rda
|
| 366 |
|
|
|e 100 kusov
|
| 500 |
|
|
|a Nad názvom Fakulta elektrotechniky a informatiky
|
| 500 |
|
|
|a Obsahuje biografické údaje
|
| 504 |
|
|
|a Obsahuje bibliografiu
|
| 650 |
0 |
7 |
|a spracovanie signálov
|2 SNKPH
|9 3973
|
| 650 |
0 |
7 |
|a digitálne spracovanie obrazu
|2 SNKPH
|9 67305
|
| 650 |
0 |
7 |
|a obrazová technika
|2 SNKPH
|9 124012
|
| 650 |
0 |
7 |
|a Signal processing
|2 SNKPHeng
|9 329034
|
| 650 |
0 |
7 |
|a Digital image processing
|2 SNKPHeng
|9 319603
|
| 650 |
0 |
7 |
|a Video technology
|2 SNKPHeng
|9 284611
|
| 655 |
|
7 |
|a CD-ROM
|2 SNKPH
|9 70236
|
| 655 |
|
7 |
|a učebnice vysokých škôl
|2 SNKPH
|9 70191
|
| 655 |
|
7 |
|a Textbooks (higher)
|2 SNKPHeng
|9 276436
|
| 700 |
1 |
|
|a Oravec, Jakub,
|d 1992-
|4 aut
|9 218432
|
| 700 |
1 |
|
|a Solus, Dávid,
|d 1990-
|4 aut
|9 218433
|
| 710 |
2 |
|
|a Technická univerzita v Košiciach.
|b Fakulta elektrotechniky a informatiky
|4 pbl
|9 124217
|
| 919 |
|
|
|a 978-80-553-3536-0
|
| 958 |
|
|
|a NB
|
| 999 |
|
|
|c 955513
|d 957443
|
| 952 |
|
|
|a SNK
|b SNK
|y NEVYP
|7 1
|p 17A1450246
|o snkSCDM 11701
|i snk2021/2629
|8 0
|0 0
|1 0
|4 0
|d 2021-04-08
|l 0
|r 2026-02-24 10:01:49
|w 2026-02-24
|